02327cas a2200457 450000100060000002100130000609000100001910000410002910100080007010200070007820001460008521000310023121500100026230401060027230501630037831700290054131700380057031700350060867500160064370200410065970200370070071200320073771200150076980100160078485600420080085600260084285600500086899000150091899500800093399500800101399500800109399500800117399500800125399500800133399500800141399500800149399500800157399500800165399500760173399500600180945715 b12150/86 a45715 a19981119a19219999m y0pory50030103ba0 apor aPT1 aSeara Novaerevista quinzenal de doutrina e criticafdir. Raúl Proença (1921-1941)fdir. Camara Reys (1921-1961)fAugusto Casimiro (1964) 9aLisboacSeara Nova,d1921- d32 cm aA partir de 1985 passa a ser dirigida por: Ulpiano Nascimento e propr. da Cooperativa Nova Seara Nova aDe 1985 a 2004 teve uma numeracão intermédia: N.º 1 verão de 1985 a N.º 83 pimavera 2004; Retomou a numera—cão antiga no n.º 1685 verão de 2004 aBiblioteca Jorge de Sena aBiblioteca João Gaspar Simões aDoa—cão José Bragan—ca a32(469)(05) 1aProen—ca,bRaúl,f1884-19414300 1aNascimento,bUlpiano,f1915-201202aCooperativa Nova Seara Nova02aSeara Nova 0aPTbBNgRPC40uhttp://ric.slhi.pt/Seara_Nova/revista40uhttps://purl.pt/3036241uhttps://purl.pt/30362/service/media/cover/low cPERIODICOS 10977160bBMRcBMRf056425k32(469)(05) SEAo-1rPERIODICOSu1964 n.º 1425 10977161bBMRcBMRf056426k32(469)(05) SEAo-1rPERIODICOSu1964 n.º 1426 10977162bBMRcBMRf056427k32(469)(05) SEAo-1rPERIODICOSu1966 n.º 1451 10977163bBMRcBMRf056428k32(469)(05) SEAo-1rPERIODICOSu1966 n.º 1452 10977164bBMRcBMRf056429k32(469)(05) SEAo-1rPERIODICOSu1966 n.º 1453 10977165bBMRcBMRf056430k32(469)(05) SEAo-1rPERIODICOSu1966 n.º 1454 10977166bBMRcBMRf056431k32(469)(05) SEAo-1rPERIODICOSu1967 n.º 1456 10977167bBMRcBMRf056432k32(469)(05) SEAo-1rPERIODICOSu1967 n.º 1457 10977168bBMRcBMRf056433k32(469)(05) SEAo-1rPERIODICOSu1967 n.º 1458 10977169bBMRcBMRf056434k32(469)(05) SEAo-1rPERIODICOSu1967 n.º 1459 10977170bBMRcBMRf056435k32(469)(05) SEAo-1rLIVROSu1967 n.º 1462 10977171bBMRcBMRf056436k32(469)(05) SEAo-1rLIVROS